Statistics for What Words can You Make: Delaware

Click here to take the quiz!

General Stats

  • This quiz has been taken 20 times
  • The average score is 41 of 103

Answer Stats

LettersAnswer% Correct
3Law
95%
3War
95%
4Deal
90%
3Lea
90%
4Lead
90%
4Wear
85%
3Are
80%
4Ware
80%
4Weal
80%
4Weer
80%
3Awa
75%
5Aware
75%
4Read
75%
4Real
75%
4Reed
75%
3Ear
70%
4Reel
70%
4Weel
70%
3Dal
65%
3Del
65%
3Dew
65%
4Draw
65%
3Raw
65%
3Lad
60%
3Lar
60%
3Lee
60%
3Wad
60%
5Weald
60%
3Aal
55%
4Dare
55%
3Eel
55%
4Lear
55%
3Red
55%
4Wale
55%
4Ward
55%
3Ale
50%
3Daw
50%
4Dear
50%
4Drew
50%
4Leer
50%
3Rad
50%
4Wade
50%
3Wed
50%
3Wee
50%
4Weed
50%
3Awe
45%
4Dale
45%
3Dee
45%
4Deer
45%
3Era
45%
3Led
45%
4Lewd
45%
5Drawl
40%
4Lade
40%
6Leader
40%
3Ree
40%
4Were
40%
3Awl
35%
4Earl
35%
3Ewe
35%
4Lard
35%
5Award
30%
4Awed
30%
3Eld
30%
4Rale
30%
4Area
25%
6Dealer
25%
4Ewer
25%
5Lawed
25%
3Ere
20%
5Lader
20%
4Rede
20%
3Wae
20%
5Waled
20%
5Waler
20%
5Wared
20%
3Ala
15%
4Dele
15%
5Elder
15%
4Alee
10%
5Dewar
10%
4Dree
10%
5Rewed
10%
6Reweld
10%
6Welder
10%
4Alar
5%
5Alder
5%
5Areae
5%
5Areal
5%
5Eared
5%
3Eew
5%
4Lede
5%
7Leeward
5%
6Adware
0%
4Alae
0%
7Awardee
0%
4Awee
0%
4Dere
0%
6Drawee
0%
5Dwale
0%
5Laree
0%
6Lewder
0%
5Wedel
0%

Score Distribution

Percentile by Number Answered

Percent of People with Each Score

Your Score History

You have not taken this quiz